000 00329nam a2200145Ia 4500
008 191201s2005 xx 000 0 und d
082 _a621.38043
_bNAS
100 _aNAGRATH, I J
245 0 _aSignals and Systems
250 _a5th
260 _aN.Delhi
_bTMH
_c2005
300 _a606
650 _aB.Tech(ECE)
942 _2ddc
_cBK
999 _c1711
_d1711